| 000 | 00820nam a22002057a 4500 | ||
|---|---|---|---|
| 005 | 20251108172823.0 | ||
| 008 | 250721s1990 xx 000 0 ara d | ||
| 082 | 1 | 4 | _a549.1309563/صال |
| 100 | 1 | _aالصالحي، شكري علي خليل | |
| 245 | 1 | 0 | _aالمعدنية و الكيمياء المعدنية للزركون في نماذج مختارة من تكاوين في غرب العراق / |
| 264 | _c1990. | ||
| 300 | _a125 ص | ||
| 500 | _aرسالة مقدمة إلى كلية العلوم / جامعة بغداد و هي جزء من متطلبات نيل درجة الماجستير في علوم علم الأرض | ||
| 650 | 1 | 7 | _aالكيمياء |
| 650 | 1 | 7 | _aعلم المعادن |
| 650 | 1 | 7 | _aعلم الأرض |
| 650 | 1 | 7 | _aتاريخ العراق |
| 942 |
_2ddc _cBK |
||
| 999 |
_c89288 _d89288 |
||